000
00309nam a2200121Ia 4500
005
20251222155112.0
008
251222s9999||||xx |||||||||||||| ||spa||
082
_a
EPI.25.1-2/Ej.2
245
0
_a
Epidemiología y administración de servicios de salud
250
_a
1ra. ed.
264
_b
OPS/OMS
942
_c
LIB
999
_c
38089
_d
38089